Score 0/15 Timer 03:00
0 Plays Today
% Correct
Cook
96.8%
Roosevelt
93.5%
Paganini
90.3%
Thomas
90.3%
Le Bon
90.3%
Erickson
90.3%
Plath
87.1%
Cleese
87.1%
% Correct
Benigni
83.9%
Osbourne
80.6%
Lichtenstein
74.2%
Tambo
71%
Post
67.7%
Sheehan
61.3%
Taylor
54.8%
Remove Ads.
Support Sporcle.
Get the best of Sporcle when you Go Orange. This ad-free experience offers more features, more stats, and more fun while also helping to support Sporcle. Thank you for becoming a member.

You're not logged in!

Compare scores with friends on all Sporcle quizzes.
OR
Log In

Show Comments

Extras

Top Quizzes Today


Score Distribution

Your Account Isn't Verified!

In order to create a playlist on Sporcle, you need to verify the email address you used during registration. Go to your Sporcle Settings to finish the process.

Report this User

Report this user for behavior that violates our Community Guidelines.

Details: